<?xml version="1.0" encoding="UTF-8"?>
<collection xmlns="http://www.loc.gov/MARC21/slim">
 <record>
  <leader>01549nam a2200193Ia 4500</leader>
  <controlfield tag="001">CTU_179874</controlfield>
  <controlfield tag="008">210402s9999    xx            000 0 und d</controlfield>
  <datafield tag="020" ind1=" " ind2=" ">
   <subfield code="c">98000</subfield>
  </datafield>
  <datafield tag="082" ind1=" " ind2=" ">
   <subfield code="a">332.042</subfield>
  </datafield>
  <datafield tag="082" ind1=" " ind2=" ">
   <subfield code="b">C506</subfield>
  </datafield>
  <datafield tag="245" ind1=" " ind2="0">
   <subfield code="a">Tài chính quốc tế</subfield>
  </datafield>
  <datafield tag="245" ind1=" " ind2="0">
   <subfield code="c">Phan Thị Cúc...[et al.]</subfield>
  </datafield>
  <datafield tag="260" ind1=" " ind2=" ">
   <subfield code="a">Thành phố Hồ Chí Minh</subfield>
  </datafield>
  <datafield tag="260" ind1=" " ind2=" ">
   <subfield code="b">Đại học quốc gia Thành phố Hồ Chí Minh</subfield>
  </datafield>
  <datafield tag="260" ind1=" " ind2=" ">
   <subfield code="c">2010</subfield>
  </datafield>
  <datafield tag="520" ind1=" " ind2=" ">
   <subfield code="a">Quyển giáo trình giới thiệu tổng quan về hệ thống tài chính quốc tế, chu chuyển vốn quốc tế - mối quan hệ giữa lãi suất - lạm phát và tỷ giá hối đoái, xác định tỷ giá hối đoái và tác động của chính phủ đối với tỷ giá hối đoái, tài chính hành vi và dự báo hối đoái, tài trợ và đầu tư quốc tế của công ty đa quốc gia, đo lường độ nhạy đối với rủi ro tỷ giá hối đoái - phòng ngừa và độ nhạy đối vởiủi ro tỷ giá, khủng hoảng nợ quốc tế và đánh giá rủi ro quốc gia, chu kì kinh tế và tác động của nó đối với nền kinh tế Việt Nam</subfield>
  </datafield>
  <datafield tag="650" ind1=" " ind2=" ">
   <subfield code="a">Banks and banking, international,International finance,Ngân hàng và ngân hàng quốc tế,Tài chính quốc tế</subfield>
  </datafield>
  <datafield tag="904" ind1=" " ind2=" ">
   <subfield code="i">Ánh Ngân, Nhung</subfield>
  </datafield>
  <datafield tag="980" ind1=" " ind2=" ">
   <subfield code="a">Trung tâm Học liệu Trường Đại học Cần Thơ</subfield>
  </datafield>
 </record>
</collection>
